000 00349nam a2200157Ia 4500
001 15511
003 IN-NITTTR
005 20251114233146.0
008 251113s9999||||xx |||||||||||||| ||eng||
040 _beng
040 _cIN-NITTTR
041 _aeng
082 _a658.I7 D561I
245 0 _aImprove your business :
_b workbook /
942 _2ddc
_cBK
999 _c18145
_d18145